Estatísticas para Cidades ruidosas

Clique aqui para jogar o quiz

Estatísticas Gerais

  • Esse quiz foi jogado 15 vezes
  • A pontuação média é 4 de 10

Estatísticas das Respostas

HintResposta% Correto
6.Pequim
86%
8.Cidade do México
57%
10.Paris
50%
5.Istambul
36%
4.Mumbai
36%
3.Cairo
29%
2.Nova Deli
29%
1.Guangzhou
21%
7.Barcelona
14%
9.Buenos Aires
14%

Distribuição das Pontuações

Percentil de Números Respondidos

Porcentagem de Pessoas com Cada Pontuação

Sua Pontuação Histórica

Você não jogou esse quiz